نئ سوچ کے گولاب : (Record no. 192869)

MARC details
000 -LEADER
fixed length control field 00666nam a22001937a 4500
005 - DATE AND TIME OF LATEST TRANSACTION
control field 20221007121658.0
010 ## - LCCN (DPL NO)
LC control number UR-11741
020 ## - INTERNATIONAL STANDARD BOOK NUMBER
International Standard Book Number 9789391238568
Terms of availability 150.00
035 ## - SYSTEM CONTROL NUMBER
System control number U-10296
037 ## - SOURCE OF ACQUISITION
Source of stock number/acquisition DBAD/PUB
Stock number -
082 ## - DEWEY DECIMAL CLASSIFICATION NUMBER
Classification number 841
100 ## - MAIN ENTRY--PERSONAL NAME
Personal name محسن عثما نی
245 ## - TITLE STATEMENT
Title نئ سوچ کے گولاب :
Remainder of title شعری مجموعہ /
Statement of responsibility, etc محسن عثما نی
Medium ا ر د و
246 ## - VARYING FORM OF TITLE
Title proper/short title Nayi Soch ke Gulaab (Urdu Poetry) /
Remainder of title by Mohsin Usmani
260 ## - PUBLICATION, DISTRIBUTION, ETC. (IMPRINT)
Place of publication, distribution, etc New Delhi
Name of publisher, distributor, etc Educational Publishing House
Date of publication, distribution, etc 2021 ء
270 ## - ADDRESS
Address H.O. D1/16, Ansari Road, Daryaganj
City New Delhi
Postal code 110002
300 ## - PHYSICAL DESCRIPTION
Extent 104 ص
Dimensions 23cm(Hb)
942 ## - ADDED ENTRY ELEMENTS (KOHA)
Source of classification or shelving scheme Dewey Decimal Classification
Item type Urdu Bks
Classification part 841
Call number suffix م ح س
Holdings
Withdrawn status Lost status Not for loan Collection code Home library Current library Date acquired Source of acquisition Cost, normal purchase price Full call number Barcode Copy number Cost, replacement price Koha item type
      Non-fiction Central Library Central Library 07/10/2022 DBAD/PUB 150.00 841 م ح س U-10296 1 150.00 Urdu Bks

© Delhi Public Library
Hit Counter
free hit counter